01631nam a2200337Ia 4500001001200000003000800012006001900020007001500039008004100054010001700095020001500112020001500127020002200142040002100164035002100185050002900206082002500235100001600260245008900276260004300365300004600408504005100454505037100505533015200876600004901028650002701077655002901104710001701133856012601150999001701276ebr10135734CaPaEBRm u cr cn|||||||||031126s2004 nyua sb 001 0 eng d z 2003068903 z1403982791 z1403963290 z1403963347 (pbk.) aCaPaEBRcCaPaEBR a(OCoLC)56019144614aPN1998.3.O83bR84 2004eb04a791.43/34023/0922221 aRuh, Brian.10aStray dog of animeh[electronic resource] :bthe films of Mamoru Oshii /cBrian Ruh. aNew York :bPalgrave Macmillan,c2004. ax, 230 p., [16] p. of col. plates :bill. aIncludes bibliographical references and index.0 aCh. 1. An introduction to Oshii -- Ch. 2. Urusei Yatsura (1981-84) -- Ch. 3. Angel's egg (1985) -- Ch. 4. Twilight Q 2 : labyrinth objects file 538 (1987) -- Ch. 5. Mobile police patlabor (1988-93) -- Ch. 6. Ghost in the shell (1995) -- Ch. 7. Jin-roh (2000) and Blood the last vampire (2000) -- Ch. 8. A alon (2000) -- Ch. 9. Conclusion -- Mamoru Oshii filmography. aElectronic reproduction.bPalo Alto, Calif. :cebrary,d2009.nAvailable via World Wide Web.nAccess may be limited to ebrary affiliated libraries.10aOshii, MamoruxCriticism and interpretation. 0aAnimated filmszJapan. 7aElectronic books.2local2 aebrary, Inc.40uhttp://site.ebrary.com/lib/rucke/Doc?id=10135734zAn electronic book accessible through the World Wide Web; click to view c87025d87025